000 00499nam a2200193 4500
008 b xx# fre u
010 _a44133
020 _a2010174259
020 _a9782010174254
040 _aLB-BrCRDP
082 _aPh:F/D949p
100 1 _aDurandeau, J.-P.
130 0 _lFR
245 1 0 _aPhysique chimie 2de
_cJ.-P. Durandeau ... [et autres]
260 _aParis
_bHachette
_c1993
490 0 _aDurandeau - Durupthy
942 _cBK
999 _c11334
_d11334